000 02179cgm a2200553Ia 4500
001 ocn869385851
003 OCoLC
005 20200320192054.0
007 vd cvaizk
008 140129s2013 cau055 vleng d
019 _a867640682
020 _c15.95
024 1 _a031398180302
028 4 2 _a11032649
035 _a(OCoLC)869385851
_z(OCoLC)867640682
037 _a11032649
040 _aJIN
_cJIN
_dB@L
_dWACOL
049 _aWACL
092 _a613.7046
_bT, INSTDVD
092 _aDVD 613.7
_bTen
245 0 0 _a10-minute daily yoga fix
_h[videorecording] :
_bfeaturing Rainbeau Mars.
246 3 _aTen-minute daily yoga fix
246 3 _aBeFit yoga: 10-minute daily yoga fix
260 _aSanta Monica, Calif. :
_bLions Gate Entertainment Inc.,
_cc2013.
300 _a1 videodisc (ca. 55 min.) :
_bsd., col. ;
_c4 3/4 in.
490 1 _aBeFit yoga
538 _aDVD; Dolby 2.0; widescreen (1.78:1) presentation.
511 0 _aRainbeau Mars, instructor.
520 _aReshape & rejuvenate you body with the integrated power of yoga, breath and mindful movement, and experience unparalleled weight loss and wellness.
505 0 0 _tRa'yoka AM yoga
_g(10 min.) --
_tRa'yoka PM yoga
_g(10 min.) --
_tTantalizing tummy
_g(10 min.) --
_tBootylicious buns & lean legs
_g(10 min.) --
_tYoga lean & relax
_g(10 min.).
500 _aSpecial features: Custom workout option ; music-only option.
521 8 _aNot rated.
508 _aDirector, Cal Pozo.
546 _aEnglish audio.
546 _aClosed-captioned.
650 0 _aStretching exercises.
_995286
650 0 _aHatha yoga.
_95886363
650 0 _aExercise.
_95886364
650 7 _aExercise.
_2fast
_0(OCoLC)fst00917991
_95886364
650 7 _aHatha yoga.
_2fast
_0(OCoLC)fst01199434
_95886363
650 7 _aStretching exercises.
_2fast
_0(OCoLC)fst01134994
_995286
700 1 _aMars, Rainbeau.
_95886365
710 2 _aLions Gate Entertainment Inc.
_95886366
830 0 _aBeFit yoga.
_95886367
942 _cDVD
_022
948 _a02/21/2014
_zSirsi
994 _a02
_bWACOL
996 _a107230
_b34301001377227
_cDVD
_dDVD
_ewcl
_fi
_g22
_h15.95
_lmicro
_m613.7 Ten
_p02/21/2014
_q11/05/2019
_r10/29/2019
999 _c282981
_d282981